Plasmonic nanoelectronics and sensing / (Record no. 18803)
[ view plain ]
| 000 -LEADER | |
|---|---|
| fixed length control field | 01436cam a2200325 i 4500 |
| 001 - CONTROL NUMBER | |
| control field | 18145781 |
| 005 - DATE AND TIME OF LATEST TRANSACTION | |
| control field | 20141218155754.0 |
| 008 - FIXED-LENGTH DATA ELEMENTS--GENERAL INFORMATION | |
| fixed length control field | 140507s2014 xxka frb f001 0 eng d |
| 010 ## - LIBRARY OF CONGRESS CONTROL NUMBER | |
| LC control number | 2013047255 |
| 020 ## - INTERNATIONAL STANDARD BOOK NUMBER | |
| International Standard Book Number | 9781107027022 (hardback : alk. paper) |
| 040 ## - CATALOGING SOURCE | |
| Original cataloging agency | OU/DLC |
| Language of cataloging | eng |
| Transcribing agency | OU |
| Modifying agency | DLC |
| -- | EG-ScBUE |
| 082 00 - DEWEY DECIMAL CLASSIFICATION NUMBER | |
| Classification number | 621.381 |
| Edition number | 22 |
| Item number | LIE |
| 100 1# - MAIN ENTRY--PERSONAL NAME | |
| Personal name | Li, Er-Ping |
| 9 (RLIN) | 36994 |
| 245 10 - TITLE STATEMENT | |
| Title | Plasmonic nanoelectronics and sensing / |
| Statement of responsibility, etc | by Er-Ping Li and Hong-Son Chu. |
| 260 ## - PUBLICATION, DISTRIBUTION, ETC. (IMPRINT) | |
| Place of publication, distribution, etc | Cambridge, United Kingdom ; |
| -- | New York, United States : |
| Name of publisher, distributor, etc | Cambridge University Press, |
| Date of publication, distribution, etc | 2014. |
| 300 ## - PHYSICAL DESCRIPTION | |
| Extent | xii, 251 p. : |
| Other physical details | ill. ; |
| Dimensions | 26 cm. |
| 490 1# - Series Statement | |
| Series statement | EuMA high frequency technologies series |
| 500 ## - GENERAL NOTE | |
| General note | Index : p. 249-251. |
| 504 ## - BIBLIOGRAPHY, ETC. NOTE | |
| Bibliography, etc | Includes bibliographical references. |
| 505 0# - FORMATTED CONTENTS NOTE | |
| Formatted contents note | Fundamentals of plasmonics-Plasmonic properties of metal nanostructures-Frequency-domain methods for modeling plasmonics-Time-domain simulation for plasmonic devices-Passive plasmonic waveguide-based devices-Silicon-based active plasmonic devices for on-chip integration-Plasmonic biosensing devices and systems. |
| 650 #0 - SUBJECT ADDED ENTRY--TOPICAL TERM | |
| Topical term or geographic name as entry element | Nanoelectronics |
| 9 (RLIN) | 5978 |
| 650 #0 - SUBJECT ADDED ENTRY--TOPICAL TERM | |
| Topical term or geographic name as entry element | Nanophotonics |
| 9 (RLIN) | 31405 |
| 650 #0 - SUBJECT ADDED ENTRY--TOPICAL TERM | |
| Topical term or geographic name as entry element | Plasma oscillations |
| 9 (RLIN) | 31409 |
| 650 #0 - SUBJECT ADDED ENTRY--TOPICAL TERM | |
| Topical term or geographic name as entry element | Surface plasmon resonance |
| 9 (RLIN) | 36995 |
| 653 ## - INDEX TERM--UNCONTROLLED | |
| Resource For college | Engineering, Electrical |
| Arrived date list | December2014 |
| 655 ## - INDEX TERM--GENRE/FORM | |
| Form subdivision | |
| -- | 34232 |
| 700 1# - ADDED ENTRY--PERSONAL NAME | |
| Personal name | Chu, Hong-Son |
| 9 (RLIN) | 36996 |
| 830 #0 - SERIES ADDED ENTRY--UNIFORM TITLE | |
| Uniform title | EuMA high frequency technologies series |
| 942 ## - ADDED ENTRY ELEMENTS (KOHA) | |
| Source of classification or shelving scheme | Dewey Decimal Classification |
| Call number prefix | 621.381 LIE |
| Withdrawn status | Item status | Source of classification or shelving scheme | Damaged status | Not for loan | Vendor | Home library | Current library | Shelving location | Date acquired | Source of acquisition | Cost, normal purchase price | Serial Enumeration / chronology | Total Checkouts | Full call number | Barcode | Date last seen | Cost, replacement price | Koha item type |
|---|---|---|---|---|---|---|---|---|---|---|---|---|---|---|---|---|---|---|
| Dewey Decimal Classification | Baccah | Central Library | Central Library | First floor | 18/12/2014 | 765.00 | 21291 | 621.381 LIE | 000037220 | 15/07/2025 | 956.00 | Book - Borrowing |